| 000 | 00522nam a2200181 a 4500 | ||
|---|---|---|---|
| 001 | 000047460 | ||
| 003 | DO-SdBNP | ||
| 005 | 20230412121653.0 | ||
| 008 | 180530s2017 dr 000 spa d | ||
| 020 | _a9789945609202 | ||
| 040 |
_aDO-SdBNP _bspa _cBNPHU |
||
| 100 |
_aGautier, Manuel Salvador, _929016 _d1930-2021 |
||
| 245 | 0 |
_aCómo se escribe una novela. / _cManuel Salvador Gautier. |
|
| 260 |
_aSanto Domingo : _bBúho, _c2017. |
||
| 300 |
_a26 p. ; _c23 cm. |
||
| 590 | _aInventariado,2018/DG | ||
| 942 |
_2ddc _cLBS1 |
||
| 999 |
_c46948 _d46948 |
||